000 00288nam a2200121Ia 4500
008 191201s2012 xx 000 0 und d
100 _aAGGARWAL,Udit
245 0 _aComputer Graphics
260 _aN. Delhi
_bS .K .Kataria
_c2012
300 _a442
650 _aB.Tech(CSE)
942 _2ddc
_cBK
999 _c6377
_d6377